[Event "Ogolnopolski Turniej Fianchetto"]
[Site "Jastrzebia Gora"]
[Date "2015.??.??"]
[Round "3.17"]
[White "Kubin, Aleksander"]
[Black "Krzystala, Henryk"]
[Result "1-0"]
[WhiteElo "1812"]
[BlackElo "1575"]
[PlyCount "117"]
[EventDate "2015.??.??"]

1. e4 e6 2. d4 d5 3. e5 c5 4. Qg4 Nc6 5. Nf3 c4 6. Be2 Qa5+ 7. c3 Nge7 8. Nbd2
Ng6 9. O-O Be7 10. h4 h5 11. Qg3 Qd8 12. Ng5 Bxg5 13. hxg5 Nce7 14. f4 Nf5 15.
Qh3 h4 16. Bg4 Ng3 17. Rf2 Bd7 18. Nf1 Qe7 19. Nxg3 hxg3 20. Qxg3 O-O-O 21. Be3
Rh7 22. Kf1 Rdh8 23. Ke2 Rh1 24. Raf1 Ba4 25. f5 Rxf1 26. Rxf1 Nf8 27. Qf3 Bc2
28. Kd2 Be4 29. Qf4 exf5 30. Bxf5+ Bxf5 31. Qxf5+ Qe6 32. Qxf7 Qxf7 33. Rxf7 g6
34. Ke2 Ne6 35. Rf6 Nf8 36. Rd6 Rh5 37. e6 Rh7 38. Bf4 Re7 39. Kf3 Nxe6 40.
Rxd5 Nxf4 41. Kxf4 Re2 42. Rc5+ Kd7 43. Rxc4 Rxb2 44. Rb4 Rxa2 45. Rxb7+ Ke6
46. Rg7 a5 47. c4 Rf2+ 48. Kg3 Rf7 49. Rxg6+ Kf5 50. Ra6 Ke4 51. d5 Kd4 52.
Rxa5 Kxc4 53. Kg4 Kb4 54. g6 Rd7 55. Ra6 Rxd5 56. g7 Rd8 57. Kf5 Kb5 58. Ra1
Rd5+ 59. Kg6 1-0

[Event "Ogolnopolski Turniej Fianchetto"]
[Site "Jastrzebia Gora"]
[Date "2015.??.??"]
[Round "3.18"]
[White "Schils, Heinz"]
[Black "Karamucki, Henryk"]
[Result "1-0"]
[WhiteElo "1797"]
[BlackElo "1422"]
[PlyCount "61"]
[EventDate "2015.??.??"]

1. d4 f5 2. g3 Nf6 3. Bg2 e6 4. Nh3 d5 5. O-O Bd6 6. Bf4 O-O 7. Nd2 c6 8. Bxd6
Qxd6 9. c4 Qb4 10. b3 Re8 11. Nf4 Nbd7 12. Nd3 Qd6 13. e3 e5 14. cxd5 cxd5 15.
dxe5 Nxe5 16. Nxe5 Qxe5 17. Nf3 Qd6 18. Nd4 Bd7 19. Qd3 g6 20. a4 a5 21. Rac1
Ng4 22. Nb5 Bxb5 23. Bxd5+ Kf8 24. Qxb5 Nf6 25. Rfd1 Nxd5 26. Rxd5 Qb4 27. Rc7
Qe4 28. Qc5+ Kg8 29. Rdd7 Qb1+ 30. Kg2 Qe4+ 31. f3 1-0

[Event "Ogolnopolski Turniej Fianchetto"]
[Site "Jastrzebia Gora"]
[Date "2015.??.??"]
[Round "3.19"]
[White "Mackowiak, Bogusz"]
[Black "Rogalski, Krzysztof"]
[Result "1-0"]
[WhiteElo "1435"]
[BlackElo "1788"]
[PlyCount "65"]
[EventDate "2015.??.??"]

1. c4 Nf6 2. Nf3 b6 3. g3 Bb7 4. Bg2 c5 5. d3 d6 6. O-O e6 7. Nc3 Nbd7 8. b3
Be7 9. e4 a6 10. Re1 Qc7 11. Bb2 Rd8 12. a4 O-O 13. Qd2 Ne5 14. Ne2 Rd7 15.
Bxe5 dxe5 16. Qc3 Bd6 17. Rad1 Ne8 18. Rd2 h6 19. Red1 f5 20. Bh3 Re7 21. Nh4
Rf6 22. exf5 exf5 23. Bg2 Bxg2 24. Nxg2 Qc6 25. Rf1 Bc7 26. f4 e4 27. d4 cxd4
28. Nxd4 Qb7 29. Ne2 Bd6 30. Ne3 Nc7 31. Nd4 a5 32. Ndxf5 Bb4 33. Nxe7+ 1-0

[Event "Ogolnopolski Turniej Fianchetto"]
[Site "Jastrzebia Gora"]
[Date "2015.??.??"]
[Round "3.21"]
[White "Jagiela, Piotr"]
[Black "Grabarczyk, Edmund"]
[Result "1-0"]
[WhiteElo "1696"]
[BlackElo "1284"]
[PlyCount "41"]
[EventDate "2015.??.??"]

1. d4 Nf6 2. c4 e6 3. Nf3 c5 4. d5 b5 5. dxe6 fxe6 6. cxb5 a6 7. e3 axb5 8.
Bxb5 Be7 9. O-O O-O 10. b3 d5 11. Bb2 Ne4 12. Nbd2 Bf6 13. Qc2 Qb6 14. Bd3 Bxb2
15. Qxb2 Nxd2 16. Qxd2 Rxf3 17. gxf3 e5 18. Kh1 Nd7 19. Rg1 Nf6 20. Rg5 e4 21.
fxe4 1-0

[Event "Ogolnopolski Turniej Fianchetto"]
[Site "Jastrzebia Gora"]
[Date "2015.??.??"]
[Round "3.23"]
[White "Szynwelski, Ryszard"]
[Black "Budnik, Kazimierz"]
[Result "1/2-1/2"]
[WhiteElo "1275"]
[BlackElo "1250"]
[PlyCount "54"]
[EventDate "2015.??.??"]

1. e4 c5 2. Nf3 Nf6 3. d3 e6 4. g3 d5 5. exd5 Nxd5 6. Bg2 Be7 7. O-O O-O 8. Re1
Re8 9. Nbd2 Nc6 10. Nf1 Bf6 11. c3 e5 12. h3 Rb8 13. N1h2 h6 14. Ng4 Bxg4 15.
hxg4 Qb6 16. g5 hxg5 17. Nxg5 Bxg5 18. Bxg5 Nde7 19. Qc2 f6 20. Be3 Nf5 21. Bd2
Nce7 22. Be4 Rbd8 23. d4 Nxg3 24. fxg3 cxd4 25. Qb3+ Kf8 26. Qxb6 axb6 27. Kf2
Kf7 1/2-1/2

[Event "Ogolnopolski Turniej Fianchetto"]
[Site "Jastrzebia Gora"]
[Date "2015.??.??"]
[Round "3.25"]
[White "Radwan, Jan"]
[Black "Grobelna, Ewa"]
[Result "1-0"]
[WhiteElo "1592"]
[BlackElo "1533"]
[PlyCount "23"]
[EventDate "2015.??.??"]

1. e4 e6 2. d4 d6 3. Nc3 Be7 4. Nf3 h6 5. Bd3 Nf6 6. Qe2 O-O 7. Bf4 b6 8. O-O-O
Bb7 9. e5 Ne8 10. Ne4 Bxe4 11. Qxe4 Nd7 12. Qh7# 1-0

[Event "Ogolnopolski Turniej Fianchetto"]
[Site "Jastrzebia Gora"]
[Date "2015.??.??"]
[Round "3.26"]
[White "Kopij, Jozef"]
[Black "Nasalski, Leon"]
[Result "1-0"]
[WhiteElo "1382"]
[BlackElo "1141"]
[PlyCount "113"]
[EventDate "2015.??.??"]

1. d4 d5 2. Nf3 Nc6 3. e3 Nf6 4. c4 e6 5. Qb3 Na5 6. Qa4+ c6 7. cxd5 exd5 8.
Bd2 b6 9. Bxa5 Bd7 10. Bc3 c5 11. Qc2 g6 12. dxc5 Bxc5 13. h3 O-O 14. Be2 Re8
15. O-O Ne4 16. b4 Bf5 17. Qc1 Bd6 18. Nbd2 Rc8 19. Nxe4 dxe4 20. Nd4 Bxb4 21.
Qc2 Rxc3 22. Qb2 a5 23. Rfd1 Qe7 24. Nxf5 gxf5 25. Rd5 Rec8 26. Bd1 Qb7 27.
Rxf5 Ba3 28. Qd2 Bc1 29. Qe2 Qd7 30. Qg4+ Kf8 31. Be2 Bb2 32. Rf1 Rc1 33. Qxe4
Qd2 34. Qf3 R8c7 35. Qh5 Kg8 36. Qg4+ Kf8 37. Rg5 R7c5 38. Rg8+ Ke7 39. Qe4+
Re5 40. Qb7+ Qd7 41. Qxb6 Qd2 42. Qb7+ Kf6 43. Qf3+ Rf5 44. Qg4 Be5 45. f4
Qxe3+ 46. Kh2 Bxf4+ 47. Rxf4 Qg1+ 48. Kg3 Rc3+ 49. Kh4 Qe1+ 50. g3 Qb1 51. Qg7+
Ke6 52. Re8+ Kd7 53. Rxf5 Qxf5 54. Qxc3 Kxe8 55. Qd3 Qf6+ 56. Kg4 Qb2 57. Qb5+
1-0

[Event "Ogolnopolski Turniej Fianchetto"]
[Site "Jastrzebia Gora"]
[Date "2015.??.??"]
[Round "3.27"]
[White "Krupecka-czarkowska, Danuta"]
[Black "Pilecki, Jozef"]
[Result "0-1"]
[WhiteElo "1091"]
[BlackElo "1371"]
[PlyCount "50"]
[EventDate "2015.??.??"]

1. e3 e5 2. Nf3 Nc6 3. Qe2 Bc5 4. Nc3 a6 5. Na4 Ba7 6. b3 d6 7. Bb2 Bf5 8. c4
h6 9. Nh4 Qxh4 10. g3 Qe7 11. Bg2 e4 12. Nc3 Nf6 13. a3 O-O 14. O-O Qd7 15. d3
Bg4 16. f3 Bxf3 17. Bxf3 exf3 18. Qxf3 Rae8 19. d4 Ng4 20. Rae1 Re7 21. Ne4 f6
22. Nf2 Nxf2 23. Qxf2 Na5 24. Qc2 Rfe8 25. Bc1 Bxd4 0-1

[Event "Ogolnopolski Turniej Fianchetto"]
[Site "Jastrzebia Gora"]
[Date "2015.??.??"]
[Round "3.28"]
[White "Jurkiewicz, Kazimierz"]
[Black "Flis, Jozef"]
[Result "1-0"]
[WhiteElo "1336"]
[BlackElo "1070"]
[PlyCount "21"]
[EventDate "2015.??.??"]

1. d4 d5 2. f4 Nf6 3. h3 e6 4. Nf3 Bd6 5. e3 h6 6. Nbd2 Bd7 7. Bd3 Nc6 8. O-O
O-O 9. c3 Re8 10. Ne5 Nxe5 11. fxe5 1-0

[Event "Ogolnopolski Turniej Fianchetto"]
[Site "Jastrzebia Gora"]
[Date "2015.??.??"]
[Round "3.1"]
[White "Miozga, Tomasz"]
[Black "Kaukiel, Piotr"]
[Result "1/2-1/2"]
[WhiteElo "1926"]
[BlackElo "2198"]
[PlyCount "52"]
[EventDate "2015.??.??"]

1. c4 Nf6 2. Nc3 g6 3. g3 Bg7 4. Bg2 O-O 5. e3 c5 6. Nge2 Nc6 7. O-O d6 8. d4
Bf5 9. e4 cxd4 10. exf5 dxc3 11. fxg6 hxg6 12. Nxc3 Rc8 13. Nd5 Nxd5 14. cxd5
Nd4 15. Bd2 Qb6 16. Bc3 Nb5 17. Bxg7 Kxg7 18. Rc1 Rxc1 19. Qxc1 Qc5 20. Re1 Re8
21. a4 Nd4 22. Qxc5 dxc5 23. d6 Ne6 24. d7 Rd8 25. Bxb7 Rxd7 26. Bc8 Rd6
1/2-1/2

[Event "Ogolnopolski Turniej Fianchetto"]
[Site "Jastrzebia Gora"]
[Date "2015.??.??"]
[Round "4.3"]
[White "Kaukiel, Piotr"]
[Black "Winiarski, Kazimierz"]
[Result "1-0"]
[WhiteElo "2198"]
[BlackElo "1934"]
[PlyCount "57"]
[EventDate "2015.??.??"]

1. Nf3 Nf6 2. g3 b6 3. Bg2 Bb7 4. O-O e6 5. c4 Be7 6. b3 c5 7. Bb2 O-O 8. Nc3
d6 9. e3 Nbd7 10. d4 Ne4 11. d5 Nxc3 12. Bxc3 e5 13. e4 Bc8 14. Ne1 Bf6 15. Nd3
g6 16. Qd2 Bg7 17. f4 Re8 18. Rae1 f6 19. Rf2 Nf8 20. Ref1 a5 21. fxe5 dxe5 22.
Qb2 Qd6 23. Re1 Ba6 24. Bf1 g5 25. Qc2 Ng6 26. Nb2 Bc8 27. Be2 Rf8 28. Bd1 Bd7
29. a4 {...51} 1-0

[Event "Ogolnopolski Turniej Fianchetto"]
[Site "Jastrzebia Gora"]
[Date "2015.??.??"]
[Round "4.4"]
[White "Wojcieszyn, Zdzislaw"]
[Black "Miozga, Tomasz"]
[Result "1-0"]
[WhiteElo "1982"]
[BlackElo "1926"]
[PlyCount "63"]
[EventDate "2015.??.??"]

1. c4 g6 2. Nc3 Bg7 3. g3 d6 4. Bg2 Nf6 5. d4 O-O 6. Nf3 Nbd7 7. O-O e5 8. dxe5
dxe5 9. Bg5 h6 10. Bxf6 Bxf6 11. Qd2 Bg7 12. Rfd1 c6 13. Qd6 Qb6 14. Rd2 Re8
15. Qd3 Nc5 16. Qc2 e4 17. Nd4 e3 18. fxe3 Rxe3 19. Rad1 Bg4 20. Kf1 Rae8 21.
Bf3 Bxf3 22. Nxf3 Bxc3 23. bxc3 Ne4 24. Rd3 Rxd3 25. exd3 Qe3 26. Kg2 Nxc3 27.
Rd2 Ne2 28. Qb2 g5 29. h3 c5 30. Qxb7 Re6 31. Qd5 Nd4 32. Rf2 1-0

[Event "Ogolnopolski Turniej Fianchetto"]
[Site "Jastrzebia Gora"]
[Date "2015.??.??"]
[Round "4.5"]
[White "Zminda, Bogdan"]
[Black "Przybyl, Jozef"]
[Result "1-0"]
[WhiteElo "1944"]
[BlackElo "1801"]
[PlyCount "99"]
[EventDate "2015.??.??"]

1. e4 c5 2. Nf3 e6 3. d4 cxd4 4. Nxd4 a6 5. c4 Nf6 6. Nc3 Nc6 7. Nxc6 bxc6 8.
e5 Ng8 9. Bd3 d5 10. exd6 Bxd6 11. O-O Nf6 12. Bg5 Be7 13. Qf3 Bb7 14. Rfd1 Qc8
15. Ne4 c5 16. Bxf6 gxf6 17. Nxf6+ Bxf6 18. Qxf6 Rg8 19. f3 Qd8 20. Qxd8+ Rxd8
21. Bxh7 Rxd1+ 22. Rxd1 Bxf3 23. Rd2 Rg7 24. Bc2 Bc6 25. g3 Ke7 26. Bd1 Rg5 27.
g4 Re5 28. Re2 Kf6 29. Kf2 Rxe2+ 30. Bxe2 Be4 31. Ke3 Bb1 32. a3 a5 33. h4 Bc2
34. Bd3 Bd1 35. Kf4 e5+ 36. Kg3 Kg7 37. g5 Bh5 38. Kf2 f6 39. Ke3 Kf7 40. Bf5
Bd1 41. Kd2 Bf3 42. Kc3 fxg5 43. hxg5 Ke7 44. b4 axb4+ 45. axb4 cxb4+ 46. Kxb4
e4 47. Kc3 e3 48. Bd3 e2 49. Kd2 Bh5 50. Bxe2 1-0

[Event "Ogolnopolski Turniej Fianchetto"]
[Site "Jastrzebia Gora"]
[Date "2015.??.??"]
[Round "4.6"]
[White "Kubin, Aleksander"]
[Black "Chojnowski, Marcin"]
[Result "1-0"]
[WhiteElo "1812"]
[BlackElo "2033"]
[PlyCount "91"]
[EventDate "2015.??.??"]

1. e4 c6 2. d4 g6 3. c4 Bg7 4. f4 d5 5. e5 Nh6 6. Nf3 O-O 7. c5 b6 8. b4 a5 9.
Bd2 axb4 10. Bxb4 bxc5 11. Bxc5 Nd7 12. Qc2 Qa5+ 13. Nbd2 Nxc5 14. Qxc5 Qxc5
15. dxc5 f6 16. Bd3 fxe5 17. fxe5 Ng4 18. a4 Nxe5 19. Nxe5 Bxe5 20. Ra3 Bg4 21.
Nb3 Bc3+ 22. Nd2 Rae8 23. Rxc3 e5 24. Rf1 e4 25. Rxf8+ Kxf8 26. Be2 Bf5 27. Nb3
Ra8 28. a5 Ke7 29. a6 Bc8 30. Nd4 Bxa6 31. Nxc6+ Ke6 32. Bxa6 Rxa6 33. Nb4 Ra1+
34. Ke2 d4 35. Rc4 Ke5 36. Rxd4 Rc1 37. Rd5+ Kf4 38. g3+ Kg4 39. Ke3 h5 40. c6
h4 41. gxh4 Kxh4 42. Kxe4 g5 43. Rd2 Rc4+ 44. Rd4 Rc5 45. Kd3+ g4 46. Rc4 1-0

[Event "Ogolnopolski Turniej Fianchetto"]
[Site "Jastrzebia Gora"]
[Date "2015.??.??"]
[Round "4.7"]
[White "Matuszczyk, Krystian"]
[Black "Schils, Heinz"]
[Result "1-0"]
[WhiteElo "1970"]
[BlackElo "1797"]
[PlyCount "36"]
[EventDate "2015.??.??"]

1. e4 c6 2. Nc3 d5 3. d3 g6 4. g3 dxe4 5. Nxe4 Bg7 6. Bg2 Nf6 7. Ne2 Nxe4 8.
Bxe4 e5 9. Bg2 O-O 10. O-O Bg4 11. h3 Be6 12. Nc3 Nd7 13. Be3 Nf6 14. Bg5 Qd7
15. Kh2 Rac8 16. Qe2 Rfe8 17. Qd2 b6 18. Rae1 c5 {...60} 1-0

[Event "Ogolnopolski Turniej Fianchetto"]
[Site "Jastrzebia Gora"]
[Date "2015.??.??"]
[Round "4.8"]
[White "Marczukiewicz, Jerzy"]
[Black "Skladzien, Romuald"]
[Result "1-0"]
[WhiteElo "1932"]
[BlackElo "1762"]
[PlyCount "68"]
[EventDate "2015.??.??"]

1. Nf3 d5 2. d4 Nf6 3. c4 e6 4. g3 Be7 5. Bg2 O-O 6. O-O c6 7. Qc2 Nbd7 8. Rd1
Ne4 9. b3 f5 10. Ba3 Bxa3 11. Nxa3 Qe7 12. Qb2 b6 13. Rac1 Bb7 14. Nc2 Rac8 15.
Nce1 Ng5 16. Nxg5 Qxg5 17. f4 Qe7 18. Nd3 Rfd8 19. c5 bxc5 20. Nxc5 Nxc5 21.
Rxc5 Qc7 22. Qc3 Qb6 23. Rc1 Rc7 24. Bf1 Rdc8 25. Ra5 Rb8 26. e3 Bc8 27. Kf2
Kf7 28. Bd3 Qb4 29. Qxb4 Rxb4 30. Ke2 Rb6 31. Kd2 Ke7 32. Kc3 Kd6 33. b4 Rcb7
34. a3 Rb8 1-0

[Event "Ogolnopolski Turniej Fianchetto"]
[Site "Jastrzebia Gora"]
[Date "2015.??.??"]
[Round "4.9"]
[White "Grabczynski, Zdzislaw"]
[Black "Zarow, Andrzej"]
[Result "1-0"]
[WhiteElo "1659"]
[BlackElo "1906"]
[PlyCount "69"]
[EventDate "2015.??.??"]

1. d4 g6 2. c4 Bg7 3. Nc3 f5 4. Bg5 Nf6 5. f4 b6 6. e3 Bb7 7. Nf3 O-O 8. Bd3
Nc6 9. a3 d6 10. d5 Nb8 11. Nd4 Bc8 12. Rc1 Bd7 13. Bb1 c5 14. Nf3 a6 15. a4 b5
16. b3 bxc4 17. bxc4 Qa5 18. O-O Ng4 19. Qd2 Bxa4 20. Bxe7 Re8 21. Bxd6 Rxe3
22. Nxa4 Qxa4 23. Bxc5 Re8 24. h3 Nd7 25. Bd4 Ngf6 26. Ne5 Nxe5 27. fxe5 Nh5
28. Rfe1 f4 29. e6 Bh6 30. d6 Qc6 31. c5 Ng3 32. Ba2 Bg7 33. e7+ Kh8 34. Bxg7+
Kxg7 35. Qd4+ 1-0

[Event "Ogolnopolski Turniej Fianchetto"]
[Site "Jastrzebia Gora"]
[Date "2015.??.??"]
[Round "4.10"]
[White "Zarow, Zdzislaw"]
[Black "Jagiela, Piotr"]
[Result "1-0"]
[WhiteElo "1901"]
[BlackElo "1696"]
[PlyCount "29"]
[EventDate "2015.??.??"]

1. e4 d6 2. Nf3 g6 3. d4 Bg7 4. Bc4 c6 5. Nc3 e6 6. Be3 d5 7. Bd3 dxe4 8. Nxe4
Nd7 9. O-O Qc7 10. Qd2 Ne7 11. c4 e5 12. Rfe1 O-O 13. Rad1 f5 14. Neg5 Nb6 15.
Nxe5 {...42} 1-0

[Event "Ogolnopolski Turniej Fianchetto"]
[Site "Jastrzebia Gora"]
[Date "2015.??.??"]
[Round "4.11"]
[White "Janocha, Jan"]
[Black "Barnowski, Sylwester"]
[Result "0-1"]
[WhiteElo "1736"]
[BlackElo "1893"]
[PlyCount "70"]
[EventDate "2015.??.??"]

1. e4 Nf6 2. Nc3 d5 3. exd5 Nxd5 4. d4 Nxc3 5. bxc3 g6 6. Bc4 Bg7 7. Ne2 O-O 8.
O-O Nd7 9. Be3 Nb6 10. Bb3 a5 11. a4 c6 12. Qd3 Bf5 13. Qd2 Be6 14. Qd3 Bf5 15.
Qd2 Re8 16. Rad1 Nd7 17. Ng3 e6 18. Nxf5 exf5 19. d5 c5 20. Rfe1 b6 21. Bf4 Qf6
22. Rxe8+ Rxe8 23. Re1 Re4 24. Kf1 Qe7 25. f3 Rxe1+ 26. Qxe1 Qxe1+ 27. Kxe1 Be5
28. Bxe5 Nxe5 29. Kd2 f4 30. Ke2 g5 31. c4 h6 32. Ba2 Kf8 33. g3 Ke7 34. gxf4
gxf4 35. Bb3 Kf6 0-1

[Event "Ogolnopolski Turniej Fianchetto"]
[Site "Jastrzebia Gora"]
[Date "2015.??.??"]
[Round "4.12"]
[White "Krawcewicz, Lucyna"]
[Black "Mackowiak, Bogusz"]
[Result "1-0"]
[WhiteElo "1874"]
[BlackElo "1435"]
[PlyCount "31"]
[EventDate "2015.??.??"]

1. d4 f5 2. e4 d6 3. Bd3 fxe4 4. Bxe4 Nf6 5. Nc3 d5 6. Bd3 Bd7 7. Nf3 Bc6 8.
O-O Nbd7 9. Re1 g6 10. Ng5 Bg7 11. Ne6 Qc8 12. Nxg7+ Kf7 13. Ne6 h6 14. Qf3 g5
15. Qf5 g4 16. Qg6# 1-0

[Event "Ogolnopolski Turniej Fianchetto"]
[Site "Jastrzebia Gora"]
[Date "2015.??.??"]
[Round "4.14"]
[White "Czech, Mieczyslaw"]
[Black "Szydlowski, Wiktor"]
[Result "1/2-1/2"]
[WhiteElo "1860"]
[BlackElo "1787"]
[PlyCount "41"]
[EventDate "2015.??.??"]

1. e4 e5 2. Nf3 Nc6 3. Bc4 Bc5 4. O-O Nf6 5. Nc3 a6 6. d3 h6 7. Be3 Bxe3 8.
fxe3 d6 9. Qe1 Na5 10. Bb3 O-O 11. Nh4 Nxb3 12. axb3 Ng4 13. Rf3 Bd7 14. Qg3
Qg5 15. Raf1 g6 16. Ne2 Kg7 17. h3 h5 18. hxg4 hxg4 19. Nf5+ gxf5 20. exf5 f6
21. R3f2 1/2-1/2

[Event "Ogolnopolski Turniej Fianchetto"]
[Site "Jastrzebia Gora"]
[Date "2015.??.??"]
[Round "4.15"]
[White "Karolak, Jan"]
[Black "Kondrusik, Aleksander"]
[Result "1/2-1/2"]
[WhiteElo "1832"]
[BlackElo "1554"]
[PlyCount "46"]
[EventDate "2015.??.??"]

1. Nf3 d5 2. g3 Nf6 3. Bg2 e6 4. d3 Be7 5. O-O O-O 6. c3 Nbd7 7. Qc2 c6 8. e4
dxe4 9. dxe4 e5 10. Be3 Qc7 11. h3 Nc5 12. Nh2 Be6 13. Nd2 Rad8 14. Nb3 Nxb3
15. axb3 a6 16. Rfd1 Rxd1+ 17. Rxd1 Rd8 18. c4 Qc8 19. h4 h6 20. Bb6 Rxd1+ 21.
Qxd1 Qd7 22. Qxd7 Nxd7 23. Bc7 f6 1/2-1/2

[Event "Ogolnopolski Turniej Fianchetto"]
[Site "Jastrzebia Gora"]
[Date "2015.??.??"]
[Round "4.16"]
[White "Wroblewski, Mieczyslaw"]
[Black "Mettel, Werner"]
[Result "0-1"]
[WhiteElo "1773"]
[BlackElo "1824"]
[PlyCount "52"]
[EventDate "2015.??.??"]

1. e4 e5 2. Nf3 Nc6 3. Bb5 a6 4. Ba4 Nf6 5. O-O Be7 6. Re1 b5 7. Bb3 d6 8. h3
O-O 9. c3 Na5 10. Bc2 c5 11. d3 Qc7 12. b3 Nc6 13. Be3 Bb7 14. Nbd2 Rac8 15.
Rc1 Qa5 16. Bb1 h6 17. Nf1 Nd8 18. Ng3 Ne6 19. Nf5 Qd8 20. Qd2 Nh5 21. h4 Bf6
22. Kh2 Kh7 23. g3 Rc7 24. Bxh6 Rg8 25. Ng5+ Bxg5 26. Bxg5 g6 {...34} 0-1

[Event "Ogolnopolski Turniej Fianchetto"]
[Site "Jastrzebia Gora"]
[Date "2015.??.??"]
[Round "4.17"]
[White "Najdzionek, Boleslaw"]
[Black "Fojcik, Krzysztof"]
[Result "1/2-1/2"]
[WhiteElo "1818"]
[BlackElo "1582"]
[PlyCount "68"]
[EventDate "2015.??.??"]

1. d4 f5 2. c4 Nf6 3. Nc3 e6 4. Nf3 Be7 5. e3 O-O 6. Be2 d5 7. Qc2 c6 8. O-O
Nbd7 9. a3 b6 10. b4 Ne4 11. Bb2 a5 12. c5 b5 13. bxa5 Qxa5 14. Na2 Qa4 15.
Qxa4 Rxa4 16. Nb4 Bb7 17. Rfc1 Bf6 18. Rc2 Nb8 19. Ne1 Na6 20. Ned3 Nxb4 21.
Nxb4 Bd8 22. f3 Ng5 23. Bd1 Ra8 24. h4 Nf7 25. g3 Bc7 26. Kg2 e5 27. Nd3 e4 28.
Nf4 Bxf4 29. exf4 Rfe8 30. Rf2 Re7 31. fxe4 fxe4 32. a4 bxa4 33. Rxa4 Rxa4 34.
Bxa4 e3 1/2-1/2

[Event "Ogolnopolski Turniej Fianchetto"]
[Site "Jastrzebia Gora"]
[Date "2015.??.??"]
[Round "4.19"]
[White "Rogalski, Krzysztof"]
[Black "Jurkiewicz, Kazimierz"]
[Result "1-0"]
[WhiteElo "1788"]
[BlackElo "1336"]
[PlyCount "31"]
[EventDate "2015.??.??"]

1. d4 c6 2. c4 Nf6 3. Nc3 d5 4. e3 Bf5 5. Bd3 Bxd3 6. Qxd3 e6 7. Nf3 Nbd7 8.
O-O Be7 9. b3 b6 10. Bb2 Qc7 11. Rac1 Bd6 12. cxd5 exd5 13. Nb5 Qb8 14. Rxc6
Ke7 15. Nxd6 a6 16. Ba3 1-0

[Event "Ogolnopolski Turniej Fianchetto"]
[Site "Jastrzebia Gora"]
[Date "2015.??.??"]
[Round "4.20"]
[White "Grabarczyk, Edmund"]
[Black "Olszewski, Jerzy"]
[Result "0-1"]
[WhiteElo "1284"]
[BlackElo "1681"]
[PlyCount "58"]
[EventDate "2015.??.??"]

1. e4 e5 2. Nf3 Nc6 3. Bb5 a6 4. Ba4 Bc5 5. c3 d6 6. O-O Bd7 7. d4 exd4 8. cxd4
Ba7 9. Re1 Nge7 10. Nc3 O-O 11. Bg5 h6 12. Bh4 g5 13. Bxg5 hxg5 14. Nxg5 f6 15.
Bb3+ Kg7 16. Ne6+ Bxe6 17. Bxe6 Nxd4 18. Qg4+ Ng6 19. Bf5 Qe8 20. Re3 Nxf5 21.
exf5 Bxe3 22. fxe3 Qxe3+ 23. Kh1 Qg5 24. Qxg5 fxg5 25. fxg6 Kxg6 26. Nd5 c6 27.
Nb6 Rae8 28. h3 Re2 29. Nc4 d5 0-1

[Event "Ogolnopolski Turniej Fianchetto"]
[Site "Jastrzebia Gora"]
[Date "2015.??.??"]
[Round "4.21"]
[White "Pilecki, Jozef"]
[Black "Radwan, Jan"]
[Result "0-1"]
[WhiteElo "1371"]
[BlackElo "1592"]
[PlyCount "76"]
[EventDate "2015.??.??"]

1. e4 c5 2. Bc4 e6 3. a3 a6 4. d3 b5 5. Ba2 Nc6 6. c3 Be7 7. Be3 d6 8. Ne2 Nf6
9. O-O O-O 10. h3 Bb7 11. Nd2 Ne5 12. d4 Nd3 13. Qc2 c4 14. b3 d5 15. f3 a5 16.
e5 Nd7 17. a4 Bc6 18. Bb1 f5 19. Nf4 Nxf4 20. Bxf4 Nb6 21. bxc4 bxc4 22. Qd1 g5
23. Bh2 Qe8 24. Bc2 Kg7 25. f4 h6 26. Nf3 Rh8 27. fxg5 hxg5 28. Bg3 Qh5 29. Nh2
Qe8 30. Nf3 Nd7 31. Kf2 Nf8 32. Rh1 Ng6 33. Qd2 f4 34. Bh2 Rh6 35. Bxg6 Qxg6
36. g3 fxg3+ 37. Bxg3 Rf8 38. Ke2 Qe4+ 0-1

[Event "Ogolnopolski Turniej Fianchetto"]
[Site "Jastrzebia Gora"]
[Date "2015.??.??"]
[Round "4.22"]
[White "Piasecki, Stanislaw"]
[Black "Szynwelski, Ryszard"]
[Result "1-0"]
[WhiteElo "1589"]
[BlackElo "1275"]
[PlyCount "31"]
[EventDate "2015.??.??"]

1. d4 d5 2. c4 Nf6 3. Nc3 e6 4. Bg5 c6 5. e4 Be7 6. Qc2 Nbd7 7. Nf3 Nxe4 8.
Bxe7 Qxe7 9. Nxe4 dxe4 10. Qxe4 a5 11. Bd3 Nf6 12. Qe2 b6 13. O-O a4 14. Rfe1
O-O 15. h3 a3 16. b3 {...60} 1-0

[Event "Ogolnopolski Turniej Fianchetto"]
[Site "Jastrzebia Gora"]
[Date "2015.??.??"]
[Round "4.23"]
[White "Budnik, Kazimierz"]
[Black "Woda, Janusz"]
[Result "0-1"]
[WhiteElo "1250"]
[BlackElo "1588"]
[PlyCount "68"]
[EventDate "2015.??.??"]

1. e4 e5 2. Nf3 Nc6 3. Bb5 a6 4. Bxc6 dxc6 5. d3 Bg4 6. h3 Bxf3 7. Qxf3 Bc5 8.
Qg3 Qf6 9. Bg5 Bxf2+ 10. Qxf2 Qxg5 11. Nd2 Qe7 12. Nc4 f6 13. h4 b5 14. Ne3 Qc5
15. a3 Ne7 16. g4 Qd4 17. O-O-O O-O 18. Qg3 b4 19. a4 Rab8 20. b3 c5 21. Kd2
Qc3+ 22. Ke2 Nc6 23. Kf2 Nd4 24. Kg2 Nxc2 25. Nf5 Qxb3 26. g5 Nd4 27. gxf6 Nxf5
28. exf5 Qd5+ 29. Kh3 Rxf6 30. Rhg1 Qd7 31. Rdf1 Rxf5 32. Qxg7+ Qxg7 33. Rxg7+
Kxg7 34. Rxf5 Re8 0-1

[Event "Ogolnopolski Turniej Fianchetto"]
[Site "Jastrzebia Gora"]
[Date "2015.??.??"]
[Round "4.24"]
[White "Kudlacik, Jan"]
[Black "Zelajtys, Jozef"]
[Result "0-1"]
[WhiteElo "1274"]
[BlackElo "1581"]
[PlyCount "110"]
[EventDate "2015.??.??"]

1. e4 e6 2. d4 d5 3. exd5 exd5 4. Nf3 Nf6 5. Bg5 Be7 6. Bd3 Bg4 7. O-O O-O 8.
Nbd2 Nbd7 9. h3 Bh5 10. c3 c5 11. dxc5 Nxc5 12. Bc2 Qb6 13. Qb1 h6 14. Be3 Bxf3
15. Nxf3 Qc7 16. Bd4 Rad8 17. Re1 Ne6 18. Be5 Qb6 19. Bd4 Nxd4 20. cxd4 Bd6 21.
b3 Bb4 22. Re3 Rfe8 23. Rxe8+ Rxe8 24. Qd1 Rc8 25. a4 Qc7 26. Bf5 Re8 27. Rc1
Qd6 28. Rc8 Rxc8 29. Bxc8 Qc7 30. Bf5 g6 31. Bc2 Qe7 32. Bd3 Bd6 33. Kf1 Nh5
34. Qe2 Qf6 35. Qe3 Nf4 36. Bc2 Kg7 37. Bd1 Bc7 38. Ne5 Ne6 39. Ng4 Qf4 40. Bf3
h5 41. Qxf4 Bxf4 42. Ne5 Nc7 43. Nd3 Bd6 44. Ke2 Kf6 45. g3 Ke6 46. b4 a6 47.
Bg2 f6 48. f4 g5 49. Kf3 Kf5 50. g4+ hxg4+ 51. hxg4+ Ke6 52. f5+ Kd7 53. Ke2
Bh2 54. Kd1 Bg1 55. Kc2 Bxd4 0-1

[Event "Ogolnopolski Turniej Fianchetto"]
[Site "Jastrzebia Gora"]
[Date "2015.??.??"]
[Round "4.25"]
[White "Krzystala, Henryk"]
[Black "Gackowski, Marian"]
[Result "1-0"]
[WhiteElo "1575"]
[BlackElo "1223"]
[PlyCount "62"]
[EventDate "2015.??.??"]

1. Nf3 d5 2. d4 c6 3. g3 Nf6 4. c3 e6 5. Bg2 Be7 6. O-O O-O 7. Re1 Re8 8. Nbd2
Nbd7 9. e4 dxe4 10. Nxe4 Nxe4 11. Rxe4 Nf6 12. Re1 Qb6 13. Qb3 Nd5 14. Ne5 Qxb3
15. axb3 f6 16. Nd3 Bd7 17. Bd2 a5 18. Bh3 Kf7 19. Re2 b6 20. Rae1 Bd6 21. f4
g6 22. Rf1 c5 23. Ne5+ Bxe5 24. fxe5 f5 25. c4 Nb4 26. Bg2 Rad8 27. Bxb4 axb4
28. d5 Kg7 29. d6 Kf7 30. Ra1 Rb8 31. Ra7 Red8 1-0

[Event "Ogolnopolski Turniej Fianchetto"]
[Site "Jastrzebia Gora"]
[Date "2015.??.??"]
[Round "4.28"]
[White "Grobelna, Ewa"]
[Black "Wojciechowski, Tomasz"]
[Result "1-0"]
[WhiteElo "1533"]
[BlackElo "1265"]
[PlyCount "70"]
[EventDate "2015.??.??"]

1. d4 Nf6 2. Nc3 e6 3. a3 c5 4. e3 Nc6 5. Nf3 b6 6. Bd3 Bb7 7. O-O cxd4 8. exd4
a6 9. Re1 Qc7 10. Bg5 Be7 11. Bh4 O-O 12. Bg3 Bd6 13. Bxd6 Qxd6 14. Be4 Rac8
15. Bd3 b5 16. Ne4 Nxe4 17. Bxe4 Kh8 18. c3 f5 19. Bc2 Ne7 20. Ne5 Qd5 21. f3
Qd6 22. Qd2 Qc7 23. Qg5 d6 24. Nd3 Rf6 25. Nf4 e5 26. dxe5 dxe5 27. Nh3 Bxf3
28. Qe3 Bg4 29. Nf2 Ng6 30. Nxg4 fxg4 31. Bxg6 hxg6 32. Qxe5 Qb6+ 33. Qe3 Qd6
34. Rad1 Qc6 35. Qd4 Qc5 1-0